Cultura General en años #1 - Estadísticas

Estadísticas generales
  • Esta prueba ha sido intentada 121 veces
  • La puntuación promedio es 13 de 18
Estadísticas de respuestas
Pista Año % Correcto
Colón llegó a América 1492
98%
Estalló la Segunda Guerra Mundial 1939
94%
Fue el atentado del 11 de septiembre 2001
94%
China vio el inicio del COVID 19 2019
94%
Cayó el Muro de Berlín 1989
89%
Se hundió el Titanic 1912
83%
Maradona jugó con "La Mano de Dios" 1986
81%
Murió Lady Diana 1997
80%
Inició la Revolución Francesa 1789
78%
Steve Jobs presentó el iPhone 2007
76%
Se jugó el Primer Mundial de futbol 1930
74%
Queen lanzó "Bohemian Rhapsody" 1975
73%
Se estrenó la primera película de Star Wars (Episodio IV) 1977
69%
El banco Lehmans Brothers se declaró en quiebra 2008
67%
Cayó el Imperio Romano de Occidente 476
49%
Fleming descubrió la penicilina 1928
48%
Se jugaron los primeros Juegos Olímpicos de la Era Moderna 1896
45%
Nació William Shakespeare 1564
16%
No se encontraron pruebas coincidentes
Distribución de puntuación
Porcentaje de gente con cada puntuación
Porcentaje por número respondido
Historial de tus puntuaciones
No has intentado esta prueba.